000 00290nam a22001337a 4500
007 9780397546596
008 180924b xxu||||| |||| 00| 0 eng d
041 _aeng
080 _a610.73
100 _a2
101 _a2
245 _aFundamentals Of Nursing
_cLemore.T
942 _2udc
_cBK
999 _c48336
_d48336